[Event "Heusenstamm Sparkassen op-B 5th"]
[Site "Heusenstamm"]
[Date "2018.11.22"]
[Round "1"]
[White "Leach, Julien"]
[Black "Krieger, Roy"]
[Result "1-0"]
[WhiteElo "1635"]
[BlackElo "1312"]
[PlyCount "60"]
[EventDate "2018.11.22"]
[EventType "swiss"]
[EventRounds "7"]
[EventCountry "GER"]
[SourceTitle "CBM 187 Extra"]
[Source "ChessBase"]
[SourceDate "2018.11.04"]
[SourceVersion "1"]
[SourceVersionDate "2018.11.04"]
[SourceQuality "1"]

1. d4 d5 2. Bf4 e6 3. e3 Nf6 4. Nf3 c5 5. c3 Qb6 6. Qb3 Qxb3 7. axb3 Nc6 8. Bb5 Bd7 9. Nbd2 Be7 10. 0-0 0-0 11. h3 cxd4 12. exd4 a6 13. Bxc6 Bxc6 14. Ne5 Bb5 15. c4 dxc4 16. bxc4 Bd7 17. Ndf3 Nh5 18. Nxd7 Rfd8 19. Nb6 Ra7 20. Bc7 Re8 21. d5 Bc5 22. d6 Nf6 23. d7 Nxd7 24. Nxd7 b6 25. Bxb6 Bxb6 26. Nxb6 Rd8 27. Rfd1 Rxd1+ 28. Rxd1 g6 29. Rd7 Rxd7 30. Nxd7 Kg7 1-0